00388nam a22001337a 450000500170000000800410001704100130005808200130007110000130008424500540009726000470015130000300019865000260022820240920064818.0240724b |||||||| |||| 00| 0 eng d aEnglish  a349 SOU  lEnglish  aThe South African Law Reports: Appellate Division aCape Town: bJuta and Company Ltd, c1923  bxvi, 682 pages; c25 cm.  aLegal practice bLaw